| 000 -LEADER |
| fixed length control field |
00621nam a22001937a 4500 |
| 008 - FIXED-LENGTH DATA ELEMENTS--GENERAL INFORMATION |
| fixed length control field |
131111b xxu||||| |||| 00| 0 alb d |
| 041 1# - LANGUAGE CODE |
| Language code of text/sound track or separate title |
alb |
| 080 ## - UNIVERSAL DECIMAL CLASSIFICATION NUMBER |
| Universal Decimal Classification number |
336 |
| Common auxiliary subdivision |
(076) |
| 100 1# - Rafti |
| Rafti |
Rosen, Harvey S. |
| 245 10 - TITLE STATEMENT |
| Title |
Financa publike. : |
| Statement of responsibility, etc |
[përshtatur nga S. Haderi dhe O. Milova prej Public finance, Harvery S. Rosen]. |
| 260 ## - |
| -- |
Tiranë, : |
| -- |
[s. n.], ; |
| -- |
2009 |
| 300 ## - |
| -- |
373 f. : |
| -- |
ilustr. ; |
| -- |
21 cm. |
| 505 ## - |
| -- |
Shtojce A... : f. 365-373 |
| 650 #0 - |
| -- |
Financa publike |
| -- |
SHBA |
| 650 #0 - |
| -- |
Politika ekonomike |
| -- |
SHBA |
| 700 1# - |
| -- |
Haderi, S. |
| 700 1# - |
| -- |
Milova, O. |
| 942 ## - ADDED ENTRY ELEMENTS (KOHA) |
| Source of classification or shelving scheme |
|
| Item type |
Books |